000 01249nam a22003497a 4500
003 CHAP
005 20220817044253.0
008 090529s2004 mx a r 00010 spa d
010 _a96278
011 _a97250
035 _a107913
040 _cCHAP
090 _aFolleto 17413
100 0 0 _aMarielle, Catherine.
_971367
245 1 0 _aFuncionamiento del fondo colectivo de semillas nativas de maíz :
_btaller de intercambio campesino y capacitación experiencia piloto SAS
_c/por Catherine Marielle y Celerino Tlacotempa
260 _aGro., Méx. :
_bGrupo de Estudios Ambientales,
_c2004
300 _a24 p. :
_bilus., cuadros
500 _aPrograma SAS: Sistemas Alimentarios Sustentables
590 _aBATCH-UPD
_b10
_c20130110
_lUCH01
_h0616
590 _aBATCH-UPD
_b10
_c20130410
_lUCH01
_h0258
590 _aBATCH-UPD
_b10
_c20130913
_lUCH01
_h2226
590 _aCONVERSION
_b10
_c20130109
_lUCH01
_h1353
650 1 4 _aAgricultura sustentable.
650 1 4 _aMaíz
_xSemilla.
_971059
650 1 4 _aMaíz
_xVariedades.
_971081
650 1 4 _aMaíz
_zGuerrero.
_971092
700 1 _aTlacotempa, Celerino
_9113456
901 _aBK
911 _aen proceso
942 _cFOLL
949 _aFolleto 17413
_bBC
_cFOLL
_d33724002081231
_eTS1
_i107913
_sb
999 _c96278
_d96278